| 000 | 00368nam a2200157Ia 4500 | ||
|---|---|---|---|
| 003 | 0STCL | ||
| 008 | 150530s9999 xx 000 0 und d | ||
| 040 |
_aSTCL _cSTCL |
||
| 100 | _aFr.Devassy Panthallookaran | ||
| 245 | _aAICUF Report:St.Thomas college 2004 | ||
| 260 | _c2004 | ||
| 546 | _aEnglish | ||
| 942 |
_2ddc _cBK |
||
| 999 |
_c15159 _d15159 |
||
| 005 | 20220125165725.0 | ||